| Tag |
First Indicator |
Second Indicator |
Subfields |
| LEADER |
00000cam a2200000 4500 |
| 001 |
in00000039687 |
| 005 |
20151007064524.0 |
| 008 |
720218s1950 nyu b 00000 eng u |
| 010 |
|
|
|a 50005514
|
| 035 |
|
|
|a (OCoLC)00245441
|
| 035 |
|
|
|9 AAE0024AM
|
| 040 |
|
|
|c WSU
|d TXA
|d UtOrBLW
|
| 049 |
|
|
|a TXAM
|c [178027]
|
| 050 |
|
0 |
|a HG221
|b .K88
|
| 090 |
|
|
|a HG221
|b .K88 1950
|
| 092 |
|
|
|a 332.401
|b K96m
|
| 100 |
1 |
|
|a Kurihara, Kenneth K.
|
| 245 |
1 |
0 |
|a Monetary theory and public policy /
|c Kenneth K. Kurihara.
|
| 250 |
|
|
|a 1st ed.
|
| 264 |
|
1 |
|a New York :
|b Norton,
|c [1950]
|
| 264 |
|
4 |
|c ©1950
|
| 300 |
|
|
|a 393 pages
|
| 336 |
|
|
|a text
|b txt
|2 rdacontent
|
| 337 |
|
|
|a unmediated
|b n
|2 rdamedia
|
| 338 |
|
|
|a volume
|b nc
|2 rdacarrier
|
| 536 |
|
|
|a Dr. Charles E. Ferguson and Dr. Melvin L. Greenhut Economics Collection.
|
| 504 |
|
|
|a Bibliographical footnotes.
|
| 650 |
|
0 |
|a Money.
|
| 650 |
|
0 |
|a Currency question.
|
| 650 |
|
0 |
|a Economic policy.
|
| 999 |
|
|
|a MARS
|
| 999 |
f |
f |
|s 41c1569c-31a8-3ecf-b054-8dd69afab28a
|i 168deeeb-63e2-3c2b-9bfc-add77ed0a42f
|t 0
|
| 952 |
f |
f |
|p ric
|a Texas A&M University
|b Rellis Campus
|c Joint Library Facility
|s JLF
|d Remote Storage
|t 0
|e HG221 .K88 1950
|h Library of Congress classification
|i unmediated -- volume
|m A14821262436
|
| 998 |
f |
f |
|a HG221 .K88 1950
|t 0
|l Remote Storage
|